Modern Quantum Mechanics (Record no. 478374)

000 -LEADER
fixed length control field 00484nam a22001817a 4500
003 - CONTROL NUMBER IDENTIFIER
control field NUST
005 - DATE AND TIME OF LATEST TRANSACTION
control field 20180525044937.0
008 - FIXED-LENGTH DATA ELEMENTS--GENERAL INFORMATION
fixed length control field 180525b ||||| |||| 00| 0 eng d
020 ## - INTERNATIONAL STANDARD BOOK NUMBER
International Standard Book Number 9789332519008
038 ## - RECORD CONTENT LICENSOR
Staff Name SNS Library
082 ## - DEWEY DECIMAL CLASSIFICATION NUMBER
Classification number 530.12
100 ## - MAIN ENTRY--PERSONAL NAME
Personal name J.J. Sakurai, JimJ. Napolitano
9 (RLIN) 10513
245 ## - TITLE STATEMENT
Title Modern Quantum Mechanics
Statement of responsibility, etc. J.J. Sakurai, JimJ. Napolitano
250 ## - EDITION STATEMENT
Edition statement 2nd. ed.
260 ## - PUBLICATION, DISTRIBUTION, ETC.
Place of publication, distribution, etc. India
Name of publisher, distributor, etc. Pearson
Date of publication, distribution, etc. 2014
300 ## - PHYSICAL DESCRIPTION
Extent 520 p.
Other physical details Pb.
942 ## - ADDED ENTRY ELEMENTS (KOHA)
Source of classification or shelving scheme
Koha item type Book
Holdings
Withdrawn status Lost status Source of classification or shelving scheme Damaged status Not for loan Permanent Location Current Location Date acquired Total Checkouts Total Renewals Full call number Barcode Date last seen Date last checked out Price effective from Koha item type Shelving location
          School of Natural Sciences (SNS) School of Natural Sciences (SNS) 05/25/2018 11 3 530.12 SNS0002422 12/30/2024 11/02/2024 05/25/2018 Book  
          School of Natural Sciences (SNS) School of Natural Sciences (SNS) 05/25/2018 4 2 530.12 SNS0002423 01/20/2026 10/01/2025 05/25/2018 Book  
          School of Natural Sciences (SNS) School of Natural Sciences (SNS) 05/25/2018 8 1 530.12 SNS0002424 01/19/2026 12/20/2024 05/25/2018 Book  
          School of Natural Sciences (SNS) School of Natural Sciences (SNS) 05/25/2018 3 1 530.12 SNS0002425 08/26/2020 09/18/2019 05/25/2018 Book  
          School of Natural Sciences (SNS) School of Natural Sciences (SNS) 05/25/2018 11   530.12 SNS0002426 02/01/2024 11/23/2023 05/25/2018 Book  
          School of Natural Sciences (SNS) School of Natural Sciences (SNS) 05/25/2018 6   530.12 SNS0002427 01/31/2023 09/20/2022 05/25/2018 Book  
          School of Natural Sciences (SNS) School of Natural Sciences (SNS) 05/25/2018 6   530.12 SNS0002428 06/27/2025 03/15/2024 05/25/2018 Book  
          School of Natural Sciences (SNS) School of Natural Sciences (SNS) 05/25/2018 9 2 530.12 SNS0002429 02/19/2025 10/24/2024 05/25/2018 Book  
        Not For Loan School of Natural Sciences (SNS) School of Natural Sciences (SNS) 05/25/2018 3   530.12 SNS0002430 01/24/2020 09/26/2019 05/25/2018 Book Reference
          School of Natural Sciences (SNS) School of Natural Sciences (SNS) 05/25/2018 7   530.12 SNS0002431 09/18/2023 10/27/2022 05/25/2018 Book  
© 2023 Central Library, National University of Sciences and Technology. All Rights Reserved.